Statistiche per Sinceramente - Annalisa - Testo Completo

Clicka qui per fare il quiz!

Statistiche generali

  • Questo quiz è stato fatto 48 volte
  • Il punteggio medio è 329 su 387

Statistiche sulle risposte

Risposta% Corretto
mi
100%
Mi
100%
E
98%
e
98%
è
98%
Quando
98%
Quando,
98%
quando
98%
quando,
98%
sincera
98%
"Sinceramente
98%
Sinceramente
98%
a
95%
la
95%
La
95%
na-na)
95%
di
93%
Di
93%
fa?
93%
le
93%
non
93%
Non
93%
tu,
93%
tu
93%
un
93%
vene
93%
o
91%
Sto
91%
sto
91%
tagliarmi
91%
tremando,
91%
tremando
91%
facendo
89%
se
89%
sogno
89%
tua
89%
tua"
89%
uno
89%
avanti
86%
il
86%
indietro
86%
me
86%
(Na,
86%
na-na)
86%
(Na-na
86%
na-na,
86%
na-na-na,
86%
nascondo
86%
nuovo
86%
passo
86%
sotto
86%
treno
86%
anche
84%
Anche
84%
Ma
84%
ma
84%
volte
84%
più
82%
sei
82%
su
82%
su,
82%
morire,
80%
morire
80%
Solo
80%
solo
80%
ed
77%
piace
77%
quella
77%
sete
77%
ti
77%
Ti
77%
C'è
75%
dico
75%
piango
75%
quale
75%
quanto
75%
verità?
75%
ah,
73%
male
73%
poetica?
73%
poi
73%
sento
73%
sveglio
73%
Come
70%
lasci
70%
leggero
70%
lo
70%
luna
70%
lune
70%
nona
70%
passata
70%
vuoi
70%
cadesse
68%
chiari
68%
dei
68%
mondo
68%
nere
68%
otto
68%
parole
68%
addormenterò
66%
adesso
66%
Ancora
66%
capita
66%
dopo
66%
lasciando
66%
scossa,
66%
sigarette
66%
sono
66%
Sono
66%
sul
66%
un'ora
66%
blu
64%
due
64%
finale:
64%
lascio
64%
messaggio,
64%
messaggio
64%
scritto
64%
velluto
64%
bagliori,
61%
hai
61%
mai
61%
spegni
61%
merito
59%
oro
59%
prima
59%
sprofondare
59%
vuoto
59%
capito
57%
forse
57%
riprendo
52%
mando,
50%
mando
50%
appena
48%
che
48%
già
43%
Sai
43%
tanto
34%

Distribuzione punteggi

Percentile per numero di risposta

Percentuale di utenti per punteggio

I tuoi punteggi nel tempo

Non hai fatto questo quiz